000 01576nam0a22003731 4500
001 rc\2207809
005 20250623031053.0
035 _a(NLR Aleph) 006541336
090 _a6639862
_c6639862
100 _a20110826d1978 |||y0rusy50 ca
101 1 _arus
_ceng
102 _aRU
105 _aa z |||||
200 1 _aПитание в профилактической медицине
_eОсновные синдромы недостаточности питания, эпидемиология и пути борьбы с ними
_e[Пер. с англ.
_fГ.Х. Битон, Дж.М. Бенгоа, Е.М. Де Майер и др.]
_gПод ред. Г.Х. Битона, Дж. М. Бенгоа
210 _aМосква
_cМедицина
_d1978
215 _a594 с.
_cил.
_d24
225 1 _aСерия монографий
_fВОЗ
_v№ 62
300 _aАвт. указаны на 5-й с.
311 _aПеревод изд.: Nutrition in preventive medicine (Geneva, 1976)
320 _aБиблиогр. в конце глав
454 0 _12001#$aNutrition in preventive medicine
_1210##$aGeneva$d1976
_tNutrition in preventive medicine
606 _aПитание
_2psbo
686 _aР123(0),0
_2rubbk
686 _aР415.2,0
_2rubbk
701 1 _aБенгоа
_bДж.М.
_4340
701 1 _aМайер
_bЕ.М.Д.
_gЕ.М. Де
701 1 _aБитон
_bГ.Х.
_4340
801 0 _aRU
_bNLR
_gpsbo
801 1 _aRU
_bELAR
_2rusmarc
852 _aNLR
_j79-7/421
899 _aRuMoRGB
_jXXIV 229/13
899 _aRuMoRGB
_jXXIV 229/14
942 _cBOOK
980 _aNB